• 首页
  • 本馆介绍
  • 公告通知
  • 最新文献
  • 馆藏检索
  • 电子资源
  • 读者导购
  • 参考咨询
  • 我的图书馆
  • 登录
  • 详细信息显示
  • 放入我的书架
  • 预约/预借图书
  • 作者相关作品
  • 分类相关作品
  • 丛书相关作品
  • 出版社相关作品

书目信息

  • 表格格式
  • 工作单格式
  • 卡片格式
题名:
铸造充型凝固过程数值模拟系统及应用
    
 
作者: 周建新 , 殷亚军 , 沈旭 编著
分册:  
出版信息: 北京   机械工业出版社  2020.7
页数: 424页
开本: 26cm
丛书名: 铸造数字化信息化智能化技术丛书
单 册:
中图分类: TG21
科图分类:
主题词: 铸造--液态金属充型--凝固--数值模拟
电子资源:
ISBN: 978-7-111-65547-3
000 02153nam2 2200349 45
001 012001002127
005 20140913114409.0
010    @a978-7-111-65547-3@dCNY99.00
100    @a20200807d2020 em y0chiy50 ea
101 0  @achi
102    @aCN@b110000
105    @aak az 000yy
106    @ar
200 1  @a铸造充型凝固过程数值模拟系统及应用@Azhu zao chong xing ning gu guo cheng shu zhi mo ni xi tong ji ying yong@b专著@f周建新,殷亚军,沈旭等编著
210    @a北京@c机械工业出版社@d2020.7
215    @a424页@c图@d26cm
225 2  @a铸造数字化信息化智能化技术丛书
300    @a并列题名:Numerical simulation system of casting's mold filling & solidification processes and its application
312    @a封面英文题名:Numerical simulation system of casting's mold filling & solidification processes and its application
314    @a周建新,华中科技大学二级教授、博士生导师、材料成形与模具技术国家重点实验室副主任、华铸软件中心负责人 ; 殷亚军,华中科技大学副教授、华铸软件中心副主任。长期从事金属材料成形过程数值模拟研究 ; 沈旭,华中科技大学博士后、华铸软件中心副主任。
320    @a有书目
330    @a本书系统地阐述了铸造充型凝固过程数值模拟的理论与方法、软件系统及典型应用案例。本书分上下两篇:上篇铸造充型凝固过程数值模拟理论与方法,主要介绍了数值模拟离散方法、充型凝固过程数学模型与数值求解及缺陷预测方法、数值模拟前后处理技术等;下篇铸造充型凝固过程数值模拟软件及应用,主要包括华铸CAE系统的控制平台、前处理、计算分析、后处理等功能模块以及典型应用案例。本书是对我国铸造行业从数字化走向智能化的思考与探索,以期为我国铸造行业由大变强奠定好数字化优化设计基础,并为我国铸造行业走向智能化提供工艺优化设计理论方法指导、国产铸造CAE软件系统支持以及典型应用案例借鉴。
410  0 @12001 @a铸造数字化信息化智能化技术丛书
461  0 @12001 @a铸造数字化信息化智能化技术丛书
510 1  @aNumerical simulation system of casting's mold filling & solidification processes and its application@zeng
606 0  @a铸造@x液态金属充型@x凝固@x数值模拟
690    @aTG21@v5
701  0 @a周建新@Azhou jian xin@4编著
701  0 @a殷亚军@Ayin ya jun@4编著
701  0 @a沈旭@AShen Xu@4编著
801  0 @aCN@bBJSDL@c20211011
905    @b1338541-4@dTG21@e5@f4
    
    铸造充型凝固过程数值模拟系统及应用/周建新,殷亚军,沈旭等编著.-北京:机械工业出版社,2020.7
    424页:图;26cm.-(铸造数字化信息化智能化技术丛书)
    并列题名:Numerical simulation system of casting's mold filling & solidification processes and its application
    
    ISBN 978-7-111-65547-3:CNY99.00
    本书系统地阐述了铸造充型凝固过程数值模拟的理论与方法、软件系统及典型应用案例。本书分上下两篇:上篇铸造充型凝固过程数值模拟理论与方法,主要介绍了数值模拟离散方法、充型凝固过程数学模型与数值求解及缺陷预测方法、数值模拟前后处理技术等;下篇铸造充型凝固过程数值模拟软件及应用,主要包括华铸CAE系统的控制平台、前处理、计算分析、后处理等功能模块以及典型应用案例。本书是对我国铸造行业从数字化走向智能化的思考与探索,以期为我国铸造行业由大变强奠定好数字化优化设计基础,并为我国铸造行业走向智能化提供工艺优化设计理论方法指导、国产铸造CAE软件系统支持以及典型应用案例借鉴。
●
相关链接 在E读中查询图书 在五车中查询图书 在当当中查询图书 在豆瓣中查询图书


正题名:铸造充型凝固过程数值模拟系统及应用     索取号:TG21/5         预约/预借

序号 登录号 条形码 馆藏地/架位号 状态 备注
1 1338541   213385415   第二样本阅览室/ [索取号:TG21/5] 在馆    
2 1338542   213385424   第三借阅区/ [索取号:TG21/5] 在馆    
3 1338543   213385433   第三借阅区/ [索取号:TG21/5] 在馆    
4 1338544   213385442   第三借阅区/ [索取号:TG21/5] 在馆    
唐山师范学院图书馆 欢迎您!
大连网信软件有限公司© 版权所有